Responses for Show #2784 - Thursday, October 10, 1996

Contestants

[<< previous game]

Kathy Robbins, a bed-and-breakfast owner from Denver, Colorado

Mark Reed, a concierge from San Francisco, California

Mike Lease, a computer programmer from Chelmsford, Massachusetts (whose 1-day cash winnings total $14,801)

[next game >>]

Jeopardy! Round responses

GATES
CHILDREN'S LITERATURE
THE MOVIES
MYTHOLOGICAL RELATIVES
FOOD
"EGG" FILLED
    $100 3
Jerusalem

Mike
    $100 26
Pinocchio

Mark
    $100 14
Apollo 13

Kathy
    $100 1
Pan

Mike
    $100 8
butter

Mark
    $100 16
beggars

Mike
    $200 5
Tower of London

Mike
    $200 27
camel

Mike
    $200 15
Charlie Chan

Mike
    $200 2
Ares

Kathy
    $200 9
sponge cake

Mark
    $200 17
leggings

Kathy
    $300 13
Pompeii

Mark
    $300 28
garden

Kathy
    $300 23
Play Misty for Me

Mark
    $300 4
Minos

Kathy
    $300 10
corn syrup

Mark
    $300 18
reggae

Kathy
    $400 21
Macao

Kathy
    $400 29
C.S. Lewis

Mark
    $400 24
Gigi

Mark
    $400 6
(Kathy: Who are the Furies?)

Gorgons

Kathy
Triple Stumper
    $400 11
truffles

Kathy
    $400 19
Nutmegger

Mike
    $500 22
Brandenburg Gate

Kathy
    $500 30
rat

Mike
    $500 25
Marlee Matlin

Mike
    $500 7
the Hydra

Mike
    $500 12
flounder

Kathy
    $500 20
arpeggio

Mike

Scores at the first commercial break (after clue 15):

Mike Mark Kathy
$1,100 $900 $1,100

Scores at the end of the Jeopardy! Round:

Mike Mark Kathy
$3,300 $2,100 $2,800

Double Jeopardy! Round responses

SURGERY
WORLD HISTORY
WOMEN IN SPORTS
GEOGRAPHY
DRAMA
WORD ORIGINS
    $200 1
scalpel

Mike
    $200 2
(Mark: Who are the Navajo?)
(Kathy: Who are the Inca?)

Aztecs

MarkKathy
Triple Stumper
    $200 9
Boston Marathon

Kathy
    $200 16
Rome

Mike
    $200 25
alas

Triple Stumper
    $400 6
Caesarean section

Mike
    $400 3
(Mark: What is Yugoslavia?)

Czechoslovakia

MikeMark
    $400 10
Nancy Kerrigan

Mike
    $400 17
Bering Strait

Mike
    $400 22
dog

Mark
    $400 26
blunderbuss

Kathy
    $600 8
lobotomy

Kathy
    $600 4
(Mike: Who is Torrijos?)

Manuel Noriega

MikeMark
    $600 11
basketball

Mark
    $600 18
Hong Kong

Mike
    $600 21
(Mike: Who is Tennessee Williams?)

Eugene O'Neill

Mike
Triple Stumper
    $600 27
(Kathy: What is nectar?)

ambrosia

Kathy
Triple Stumper
    $800 12
cauterization

Mike
    $800 5
Henry VII

Triple Stumper
    $800 14
Bonnie Blair

Mike
    $800 19
Tunisia

Mark
    $2,000 23
(Mark: I don't know.)

Inherit the Wind

Mark
    $800 28
derring-do

Mark
    $1000 13
arthroscopic

Mike
    $1000 7
(Mike: What is Paraguay?)

Bolivia

MikeMark
    $1000 15
Arantxa Sanchez Vicario

Mark
    $2,000 20
(Mark: What is the Aegean Sea?)

Black Sea

Mark
    $1000 24
(Kathy: What is "A Doll House?")
(Alex: We'll accept.....less than a minute to go in the round.)

A Doll's House

Kathy
    $1000 29
[end-of-the-round signal sounds]

sofa

Kathy

Scores at the end of the Double Jeopardy! Round:

Mike Mark Kathy
$6,300 $2,700 $5,200

[wagering suggestions for these scores]

Final Jeopardy! Round responses

U.S. STATES
MarkWhat is New Hampshire
$2,700
KathyWhat is New Hampshire
$4,800
MikeWhat is Rhode Island
$4,101
New Hampshire

Final scores:

Mike Mark Kathy
$2,199 $5,400 $10,000
3rd place: Helbros 14K gold Masterpiece watch 2nd place: a trip to the Colony Beach & Tennis Resort in Longboat Key, Florida New champion: $10,000

Game dynamics:

Coryat scores:

Mike Mark Kathy
$6,300 $6,700 $5,200
21 R,
3 W
15 R,
4 W
(including 2 DDs)
15 R
(including 1 DD),
3 W

Combined Coryat: $18,200

[game clues] [game scores] [suggest correction]

Game tape date: 1996-08-21
The J! Archive is created by fans, for fans. Scraping, republication, monetization, and malicious use prohibited; this site may use cookies and collect identifying information. See terms. The Jeopardy! game show and all elements thereof, including but not limited to copyright and trademark thereto, are the property of Jeopardy Productions, Inc. and are protected under law. This website is not affiliated with, sponsored by, or operated by Jeopardy Productions, Inc. Join the discussion at JBoard.tv.